The art of visual exegesis : (Record no. 57101)
[ view plain ]
| 000 -LEADER | |
|---|---|
| fixed length control field | 00562nam a22001457a 4500 |
| 008 - FIXED-LENGTH DATA ELEMENTS--GENERAL INFORMATION | |
| fixed length control field | 211101b ||||| |||| 00| 0 eng d |
| 020 ## - INTERNATIONAL STANDARD BOOK NUMBER | |
| International Standard Book Number | 9781628371727 |
| 050 ## - LIBRARY OF CONGRESS CALL NUMBER | |
| Classification number | N8023 |
| Item number | .A78 2017 |
| 245 ## - TITLE STATEMENT | |
| Title | The art of visual exegesis : |
| Remainder of title | rhetoric, texts, images / |
| Statement of responsibility, etc | edited by Vernon K. Robbins, Walter S. Melion, and Roy R. Jeal. |
| 260 ## - PUBLICATION, DISTRIBUTION, ETC. (IMPRINT) | |
| Place of publication, distribution, etc | Atlanta : |
| Name of publisher, distributor, etc | SBL Press, |
| Date of publication, distribution, etc | 2017 |
| 300 ## - PHYSICAL DESCRIPTION | |
| Extent | xix, 511 pages : |
| Other physical details | illustrations ; |
| Dimensions | 23 cm. |
| 500 ## - GENERAL NOTE | |
| General note | Includes bibliographical references (pages 441-486) and index. |
| 650 ## - SUBJECT ADDED ENTRY--TOPICAL TERM | |
| Topical term or geographic name as entry element | Bible |
| General subdivision | Illustrations. |
| 942 ## - ADDED ENTRY ELEMENTS (KOHA) | |
| Source of classification or shelving scheme | Library of Congress Classification |
| Item type | Book |
| Withdrawn status | Lost status | Source of classification or shelving scheme | Damaged status | Not for loan | Collection code | Home library | Current library | Shelving location | Date acquired | Source of acquisition | Cost, normal purchase price | Full call number | Barcode | Copy number | Price effective from | Koha item type |
|---|---|---|---|---|---|---|---|---|---|---|---|---|---|---|---|---|
| Library of Congress Classification | Non-fiction | Joshua & Timothy School of Theology Library (JTSOT) | Joshua & Timothy School of Theology Library (JTSOT) | General Circulation | 01/11/2021 | Donation-TBN | 5200.00 | N8023 .A78 2017 | 067338 | 1 | 01/11/2021 | Book |